| 000 | 00000nam##2200000za#4500 |
| 001 | 9.659714 |
| 003 | CaOODSP |
| 005 | 20200328090551 |
| 007 | ta |
| 008 | 150407|1997||||xxc||||| f|0| 0 fre|d |
| 020 | |a0-662-63261-3 |
| 040 | |aCaOODSP|bfre |
| 041 | |aeng |
| 041 | |afre |
| 043 | |an-cn--- |
| 086 | 1 |aCi63-20/1997 |
| 110 | 1 |aCanada. |bCitoyenneté et immigration Canada. |
| 245 | 10|aCours de langue pour les immigrants au Canada (CLIC) : |bguide à l'intention des organismes fournisseurs de services |
| 260 | |aOttawa - Ontario : |bCitoyenneté et Immigration Canada |c1997. |
| 300 | |aTexte français, 17p. ; |c28 cm. |
| 500 | |a«Ce guide explique vos obligations en tant que fournisseur de service (FS) dans le cadre du programme de Cours de langue pour les immigrants au Canada (CLIC). Il contient une foule de renseignements utiles qui vous aideront à respecter votre engagement envers Citoyenneté et Immigration Canada (CIC).»--Page 1. |
| 520 | 3 |aCe guide explique vos obligations en tant que fournisseur de service (FS) dans le cadre du programme de Cours de langue pour les immigrants au Canada (CLIC). Il contient une foule de renseignements utiles qui vous aideront à respecter votre engagement envers Citoyenneté et Immigration Canada (CIC).--Page 1 |
| 546 | |aBilingue |
| 563 | |aCouverture souple |
| 590 | |a98-34|b1998-08-21 |
| 691 | 07|aFormation linguistique|2gcpds |
| 791 | |tLanguage instruction for newcomers to Canada (LINC) : |eeng|w(CaOODSP)9.659713 |